00693 a2200157 45000010006000000050017000060080041000230030015000640400040000790800109001192450028002282640048002563000019003045050193003231000019005165468720260407155821.0260407a1973 arg spa dAR-UNSa-BCEJYS aAR-UNSa-BCEJYSbspacAR-UNSa-BCEJYS a327xRelaciones internacionales. Política internacional. Asuntos internacionales. Política exterior 10aEstados Unidos nos mira 1aBuenos Aires :bEdiciones La Bastillac1973 a258 p.c20 cm. a1. ¿Una imagen a la Argentina? – 2. Relaciones de la Argentina y los Estados Unidos entre 1933 y 1955 – 3. El peronismo visto desde el norte – 4. La Argentina después de Perón. 1 aCiria, Alberto